Jedes Schulfach eine Frage - F - Statistiken

Allgemein
  • Dieses Quiz wurde 351 mal gespielt
  • Das Durchschnittsergebnis liegt bei 11 aus 17
Antwortstatistiken
Schulfach Frage Antwort % Korrekt
Englisch "Feuer" auf Englisch fire
99%
Deutsch Eines der bekanntesten Werke Goethes, welches 1808 veröffentlicht wurde Faust
92%
Erdkunde Fünftgrößte und gefährlichste Stadt Deutschlands Frankfurt am Main
92%
Informatik Das meistgenutzte soziale Netzwerk der Welt Facebook
88%
Politik Liberale Partei in Deutschland, in welcher unter anderem Christian Lindner und Marie-Agnes Strack-Zimmermann Mitglied sind FDP
88%
Biologie Unterwasser lebende Wirbeltiere mit Kiemen Fische
85%
Sport Scheibenförmiges, geworfenes Spiel- und Sportgerät, welches unter anderem auch als Flugscheibe bekannt ist Frisbee
84%
Geschichte Zehn Jahre dauerndes Ereignis (1789 - 1799), in welchem der dritte Stand mehr Rechte für sich verlangte und durch welches Napoleon Bonaparte an Bekanntheit errang Französische Revolution
69%
Philosophie Vorname Nietzsches Friedrich
66%
Religion Fortführung der Taufe in der katholischen Kirche Firmung
60%
Kunst Ordnungssystem, in welchem alle Farben in einem Kreis angeordnet sind Farbkreis
50%
Musik US-amerikanischer Jazz-Sänger und Schauspieler, der für Lieder wie "Fly Me To The Moon" oder "New York, New York" bekannt ist Frank Sinatra
48%
Französisch "machen" auf Französisch faire
42%
Latein "Sohn" auf Lateinisch filius
39%
Mathematik Maß für die Größe einer zweidimensionalen Fläche Flächeninhalt
31%
Chemie Fließfähige Materialien, die zum Beispiel Gase und Flüssigkeiten umfassen Fluide
18%
Physik Teilgebiet der Physik, in welcher man sich mit Materie im festen Aggregatzustand beschäftigt Festkörperphysik
8%
Keine übereinstimmenden Quizze gefunden
Verteilung der Resultate
Anzahl Personen mit jedem Resultat
Perzentil nach korrekt beantworteten Fragen
Ihre Resultats-Entwicklung
Sie haben dieses Quiz noch nicht gespielt